1-100 Quiz Stats

 Plays Quiz Updated Jun 6, 2013

Support Sporcle.
Go Orange.
Score 0/100 Timer 01:00
239 Plays Today
number % Correct
1
99.7%
2
98.8%
3
98.8%
4
98.6%
5
98.5%
6
98.4%
7
98.2%
9
98%
8
98%
10
96.5%
12
95.5%
11
94.8%
13
94.3%
14
94%
15
93.7%
16
93.3%
17
93%
18
92.8%
19
92.6%
21
92.2%
20
91.6%
23
91.5%
22
91.4%
24
90.4%
25
90.2%
26
89.9%
27
89.6%
28
89.4%
29
89.1%
30
88.6%
31
88.6%
32
88.2%
34
87.9%
33
87.6%
number % Correct
35
86.7%
36
86.3%
37
86%
38
85.7%
39
85.4%
40
84.9%
41
84.8%
45
84.2%
44
84%
42
83.9%
43
83.8%
46
82.1%
47
81.8%
48
81.4%
49
80.9%
50
80.6%
51
79.9%
55
79.2%
52
79.1%
54
78.5%
53
78.3%
56
78.1%
57
75.8%
58
75.4%
59
74.8%
60
74.2%
61
73.3%
62
72.3%
63
71.5%
66
70.9%
64
70.8%
65
70.8%
67
69.4%
68
67.3%
number % Correct
69
66.7%
70
65.9%
71
64.8%
72
63.6%
73
62.6%
74
61.9%
77
61.2%
75
61.1%
76
60.6%
78
59.8%
79
56.3%
80
55.4%
81
54.3%
82
53.1%
83
52%
84
51.1%
85
50.4%
88
49.9%
86
49.1%
87
48.7%
89
47%
90
45.5%
91
44%
92
43%
93
41.8%
94
40.8%
95
40%
99
39.7%
96
39.1%
97
38.2%
98
37.7%
100
35.7%

From the Vault

Famous Roman Catholics

by wiggytitch

You're going to have to be more specific than 'The Pope'.
Remove Ads.
Support Sporcle.
Get the best of Sporcle when you Go Orange. This ad-free experience offers more features, more stats, and more fun while also helping to support Sporcle. Thank you for becoming a member.

Show Comments

Extras

Top Quizzes Today


Score Distribution

Your Account Isn't Verified!

In order to create a playlist on Sporcle, you need to verify the email address you used during registration. Go to your Sporcle Settings to finish the process.

Report this User

Report this user for behavior that violates our Community Guidelines.

Details: